[Event "Najdorf 2017"]
[Site "Warsaw POL"]
[Date "2017.07.12"]
[Round "4.8"]
[White "Mista, Aleksander"]
[Black "Krzyzanowski, Marcin"]
[Result "1-0"]
[WhiteElo "2599"]
[BlackElo "2464"]

1. e4 e5 2. Nf3 Nc6 3. Bb5 a6 4. Ba4 Nf6 5. O-O Be7 6. Re1 b5 7. Bb3 O-O 8.
a4 Bb7 9. d3 d6 10. Nbd2 Na5 11. Ba2 b4 12. Nf1 c5 13. Bg5 Ne8 14. Bd2 Bc8
15. c3 Rb8 16. cxb4 cxb4 17. Ne3 Be6 18. Bxe6 fxe6 19. d4 Nf6 20. Nc2 Nc6
21. Bg5 b3 22. Na3 Nxd4 23. Nxd4 exd4 24. Qxd4 Ng4 25. Bxe7 Qxe7 26. h3 Ne5
27. Rad1 Qg5 28. Kh1 Rbd8 29. Qb6 h6 30. Rf1 Rf4 31. Rxd6 Rdf8 32. Rxe6 Kh7
33. Qc5 Nd3 34. Qxg5 hxg5 35. f3 Nc5 36. Re5 Nxe4 37. Kh2 g4 38. hxg4 Nf6
39. Rd1 Rxa4 40. g5 Nh5 41. g4 Nf4 42. Kg3 Rb8 43. Nb1 Ng6 44. Re6 Nf8 45.
g6+ Kg8 46. Red6 Ra2 47. R1d2 Rc8 48. Na3 a5 49. f4 a4 50. f5 Rb8 51. Nc4
a3 52. Nxa3 Rxa3 53. bxa3 b2 54. Rxb2 Rxb2 55. a4 Rb7 56. a5 Nd7 57. a6 Rc7
58. g5 Kf8 59. f6 Ra7 60. Re6 gxf6 61. gxf6 Ra8 62. Re7 Nxf6 63. Rf7+ Kg8
64. Rxf6 Kg7 65. Rc6 Re8 66. Kf4 Re1 67. Kf5 Kh6 68. Re6 Ra1 69. Ke4 1-0

[Event "Najdorf 2017"]
[Site "Warsaw POL"]
[Date "2017.07.12"]
[Round "4.9"]
[White "Zhigalko, Andrey"]
[Black "Gusain, Himal"]
[Result "1/2-1/2"]
[WhiteElo "2564"]
[BlackElo "2461"]

1. e4 c5 2. Nf3 e6 3. d4 cxd4 4. Nxd4 Nc6 5. Nc3 a6 6. Bf4 Be7 7. e5 f6 8.
Nxc6 bxc6 9. Bd3 g6 10. Qe2 fxe5 11. Bxe5 Nf6 12. O-O-O O-O 13. h4 d6 14.
Bg3 Qe8 15. Ne4 Nxe4 16. Bxe4 d5 17. Bd3 Qf7 18. f3 Bf6 19. Be5 a5 20. Rde1
Bxe5 21. Qxe5 Qf4+ 22. Qxf4 Rxf4 23. h5 gxh5 24. Rxh5 Ra7 25. Reh1 Rff7 26.
Rg5+ Kf8 27. Kd2 Rae7 28. Rhh5 Bd7 29. Ke3 c5 30. b3 a4 31. g3 axb3 32.
axb3 Be8 33. Kf2 Rc7 34. f4 c4 35. bxc4 dxc4 36. Be4 Bc6 37. Bxc6 Rxc6 38.
Rc5 Rcc7 39. Ke3 Rg7 40. Rxc7 Rxc7 41. Kd4 Kg7 42. Rc5 Rd7+ 43. Ke3 Kf6 44.
Rxc4 h5 45. Rd4 Rg7 46. Kf3 Ra7 47. Kg2 Ra3 48. Rc4 e5 49. fxe5+ Kxe5 50.
Kh3 Ra5 51. Kh4 Kf6 52. Rc6+ Kg7 53. c4 Re5 54. Kh3 Re2 55. Kh4 Re5 56. c5
Rd5 57. Kh3 Rd2 58. Rd6 Rc2 59. c6 Kf7 60. Kh4 Rc5 61. Rd7+ Kg6 62. Rd6+
Kf7 63. Rh6 Kg7 64. Re6 Kf7 65. Rd6 Kg7 66. Kh3 Rc2 67. Rd7+ Kg6 68. c7 Kf6
69. Rh7 Kg6 70. Re7 Kf6 71. Rd7 Kg6 72. g4 hxg4+ 73. Kxg4 Kf6 1/2-1/2

[Event "Najdorf 2017"]
[Site "Warsaw POL"]
[Date "2017.07.12"]
[Round "4.10"]
[White "Socko, Monika"]
[Black "Czarnota, Pawel"]
[Result "0-1"]
[WhiteElo "2480"]
[BlackElo "2557"]

1. d4 d5 2. c4 c6 3. cxd5 cxd5 4. Nc3 Nf6 5. Bf4 Nc6 6. e3 a6 7. Bd3 Bg4 8.
Nge2 e6 9. Rc1 Bd6 10. f3 Bh5 11. O-O O-O 12. a3 Bg6 13. Bxg6 hxg6 14. Na4
e5 15. dxe5 Nxe5 16. Qd4 Qe7 17. Nb6 Rad8 18. Rfd1 Rfe8 19. Qc3 Bb8 20. Qb3
Ba7 21. Nd4 Nh5 22. Bxe5 Qxe5 23. Re1 Qd6 24. Na4 b5 25. Nc3 Rxe3 26. Rxe3
Bxd4 27. Ne2 Bxe3+ 28. Qxe3 d4 29. Qd3 Nf4 30. Nxf4 Qxf4 31. Re1 Qc7 32.
Rd1 Qe5 33. h3 g5 34. Kf1 g6 35. Re1 Qc5 36. Kf2 Kg7 37. Re2 Qc4 38. Qe4 d3
39. Qe5+ Kg8 40. Rd2 Rd5 41. Qe4 Qc1 42. Qe1 Qc5+ 43. Qe3 Qd6 44. Qe4 Kg7
45. Qe3 a5 46. Qe4 a4 47. Qe3 f5 48. Qa7+ Kf6 49. Kf1 Qc6 50. Qa5 Qc1+ 51.
Kf2 Qc5+ 52. Kf1 f4 53. g4 fxg3 54. Kg2 Qd6 55. Qc3+ Kf7 56. Qh8 Qf6 57.
Qc8 Qe5 58. Qb7+ Kf6 59. Qc8 Kg7 60. Qb7+ Kh6 61. Qa8 Rd7 62. Qc8 Rf7 63.
Qd8 Rxf3 64. Kxf3 Qf4+ 65. Kg2 Qxd2+ 66. Kxg3 Qxb2 67. Qf8+ Qg7 68. Qd6 Qf7
0-1

[Event "Najdorf 2017"]
[Site "Warsaw POL"]
[Date "2017.07.12"]
[Round "4.11"]
[White "Markowski, Tomasz"]
[Black "Barski, Radoslaw"]
[Result "1-0"]
[WhiteElo "2557"]
[BlackElo "2402"]

1. c4 g6 2. g3 Bg7 3. Bg2 Nf6 4. Nc3 O-O 5. d4 d6 6. Nf3 Nbd7 7. O-O e5 8.
e4 exd4 9. Nxd4 a5 10. h3 Nc5 11. Bf4 Re8 12. Re1 Nfd7 13. Be3 a4 14. Rb1
Ne5 15. Bf1 Bd7 16. Ndb5 Bc6 17. Bxc5 dxc5 18. f4 Nd7 19. e5 g5 20. Nd5
gxf4 21. gxf4 Re6 22. Bd3 Rh6 23. Re3 Bxb5 24. cxb5 c6 25. bxc6 bxc6 26.
Nc3 Nxe5 27. fxe5 Qg5+ 28. Kf2 Bxe5 29. Qg1 Rg6 30. Bxg6 Qf4+ 31. Ke2 hxg6
32. Re4 Qf6 33. Qxc5 Re8 34. Rf1 Qg5 35. Qe3 Qh5+ 36. Qf3 Qh7 37. Qg4 Re6
38. Nxa4 Qg7 39. Nc5 Re8 40. Nd3 f5 41. Rxf5 gxf5 42. Qxg7+ 1-0

[Event "Najdorf 2017"]
[Site "Warsaw POL"]
[Date "2017.07.12"]
[Round "4.12"]
[White "Kveinys, Aloyzas"]
[Black "Szustakowski, Antoni"]
[Result "1-0"]
[WhiteElo "2542"]
[BlackElo "2171"]

1. d4 e6 2. c4 Nf6 3. Nc3 Bb4 4. Qc2 c5 5. dxc5 O-O 6. a3 Bxc5 7. Nf3 b6 8.
Bg5 Bb7 9. e4 h6 10. Bh4 Be7 11. Be2 d6 12. Rd1 Nbd7 13. O-O Qc7 14. Nd4 a6
15. f4 Nc5 16. Bf3 Nfxe4 17. Bxe7 Nxc3 18. Bxd6 Qxd6 19. Qxc3 Qc7 20. b4
Ne4 21. Qe3 Nf6 22. Bxb7 Qxb7 23. f5 Qc7 24. Rfe1 e5 25. Qxe5 Qxc4 26. Qd6
Rac8 27. Nf3 Qg4 28. Ne5 Qxf5 29. Nc6 Qb5 30. Na7 Qg5 31. Nxc8 Rxc8 32.
Qxb6 Rc2 33. Qd8+ Kh7 34. Qd3+ Qg6 35. Qxg6+ Kxg6 36. Rd6 1-0

[Event "Najdorf 2017"]
[Site "Warsaw POL"]
[Date "2017.07.12"]
[Round "4.13"]
[White "Szadkowski, Kamil"]
[Black "Jakubowski, Krzysztof"]
[Result "1-0"]
[WhiteElo "2237"]
[BlackElo "2518"]

1. e4 c5 2. Nf3 Nc6 3. d4 cxd4 4. Nxd4 Qb6 5. Nb3 Nf6 6. Nc3 e6 7. Bd3 a6
8. Qf3 Qc7 9. Qg3 d6 10. O-O b5 11. a3 Bb7 12. f4 g6 13. f5 gxf5 14. Qh4
Nxe4 15. Bxe4 fxe4 16. Nxe4 Bg7 17. Bh6 Bxb2 18. Rad1 Rd8 19. Nd4 Bxd4+ 20.
Rxd4 f5 21. Nf6+ Kf7 22. Qh5+ Kxf6 23. Qg5+ Kf7 24. Qg7+ Ke8 25. Qxc7 Rd7
26. Qb6 Nxd4 27. Qxd4 Rg8 28. g3 e5 29. Qe3 Be4 30. Qb6 Rg6 31. Bd2 h5 32.
Bc3 Kf7 33. Rd1 h4 34. Bxe5 Rb7 35. Qd8 dxe5 36. Qxh4 Bxc2 37. Qh7+ Rg7 38.
Qh5+ Ke7 39. Qh6 Kf7 40. Rd6 Re7 41. Qh5+ 1-0

[Event "Najdorf 2017"]
[Site "Warsaw POL"]
[Date "2017.07.12"]
[Round "4.15"]
[White "Kovalev, Vladislav"]
[Black "Molenda, Marcin"]
[Result "1/2-1/2"]
[WhiteElo "2639"]
[BlackElo "2419"]

1. e4 c5 2. Be2 Nc6 3. f4 d6 4. Nf3 Nf6 5. d3 g6 6. O-O Bg7 7. c3 O-O 8.
Kh1 Rb8 9. Be3 b5 10. a3 Bb7 11. Nbd2 a6 12. Rc1 Rc8 13. b4 cxb4 14. axb4
Nb8 15. Ng5 Nbd7 16. Qe1 e6 17. Nb3 Qe7 18. Qh4 h6 19. Nf3 Rfe8 20. Qh3 Rc7
21. Nfd4 Rec8 22. Bd2 Nb6 23. Rc2 Na4 24. Rfc1 Nd7 25. Qe3 e5 26. fxe5 Nxe5
27. Na5 Ba8 28. Ndb3 Nd7 29. c4 bxc4 30. Rxc4 Ndb6 31. Rxc7 Rxc7 32. h3
Rxc1+ 33. Bxc1 d5 34. Bd2 dxe4 35. dxe4 Bxe4 36. Bd3 f5 37. Bxa6 Kh7 38.
Nc5 Nd5 39. Qf2 Nxc5 40. bxc5 Qf6 41. Bf1 Qa1 42. Qe1 Qa3 43. Kh2 Be5+ 44.
Kg1 Qxc5+ 45. Kh1 Qa3 46. Qh4 Bg7 47. Nc4 Qa1 48. Qe1 Qxe1 49. Bxe1 Nf4 50.
Kh2 Ne6 51. Bb4 Bd4 52. Nd2 Be5+ 53. Kg1 Bd5 54. Bc4 Bxc4 55. Nxc4 Bd4+ 56.
Kf1 g5 57. Bd2 Kg6 58. Ke2 h5 59. Kd3 Bf6 60. Be3 Nc7 61. Bd4 Nd5 62. Bxf6
Kxf6 63. Ke2 h4 64. Kf3 Nf4 65. Ne3 Ne6 66. Nc4 Nd4+ 67. Ke3 Nc6 68. Nd2
Ne5 69. Nb3 Nc4+ 70. Kd4 Nb6 71. Nc5 g4 72. hxg4 fxg4 73. Ke4 1/2-1/2

[Event "Najdorf 2017"]
[Site "Warsaw POL"]
[Date "2017.07.12"]
[Round "4.16"]
[White "Sengupta, Deep"]
[Black "Moehn, Hans"]
[Result "1-0"]
[WhiteElo "2596"]
[BlackElo "2380"]

1. e4 e6 2. d4 d5 3. Nd2 dxe4 4. Nxe4 Bd7 5. Nf3 Bc6 6. Bd3 Nd7 7. O-O Ngf6
8. Ned2 Be7 9. b3 O-O 10. Bb2 Re8 11. c4 Bxf3 12. Nxf3 c6 13. Qe2 Qb6 14.
Rad1 Rad8 15. Bb1 Nf8 16. Rd3 Ng6 17. g3 Qa5 18. Ne5 Nxe5 19. dxe5 Nd7 20.
Bc3 Qc7 21. f4 Nf8 22. Rdf3 Bc5+ 23. Kh1 Bd4 24. Be1 Rd7 25. g4 f6 26. exf6
gxf6 27. g5 Rde7 28. gxf6 Bxf6 29. Rg3+ Rg7 30. f5 Kh8 31. Qh5 Qf7 32. Qxf7
Rxf7 33. fxe6 Nxe6 34. Bc3 Ref8 35. Rgf3 Kg7 36. Rxf6 Rxf6 37. Bxh7 Kxh7
38. Rxf6 Rxf6 39. Bxf6 Kg6 40. Be5 Kf5 41. Bb8 a6 42. Kg2 b5 43. Kf3 bxc4
44. bxc4 Nd4+ 45. Ke3 Ne6 46. Bd6 Nd8 47. Kd4 Ne6+ 48. Kc3 Nd8 49. Be7 Nb7
50. Kd4 Ke6 51. Bh4 Kf5 52. Bg3 Kf6 53. Bc7 Kf5 54. a4 Kf6 55. c5 Kf5 56.
Bb6 Kf4 57. a5 Kf5 58. Ke3 Kg4 59. Ke4 1-0

[Event "Najdorf 2017"]
[Site "Warsaw POL"]
[Date "2017.07.12"]
[Round "4.17"]
[White "Lagunow, Raphael"]
[Black "Aleksandrov, Aleksej"]
[Result "1/2-1/2"]
[WhiteElo "2348"]
[BlackElo "2581"]

1. Nf3 Nf6 2. g3 b5 3. Bg2 Bb7 4. O-O e6 5. d3 Be7 6. e4 c5 7. Re1 O-O 8.
e5 Ne8 9. a4 b4 10. Nbd2 f6 11. exf6 Nxf6 12. Nc4 Nc6 13. Bf4 Na5 14. Bd6
Bxd6 15. Nxd6 Bd5 16. c4 bxc3 17. bxc3 Rb8 18. Ne4 Qe7 19. Nfd2 Ba8 20. f4
c4 21. Nxf6+ Qxf6 22. Bxa8 Rxa8 23. Ne4 Qd8 24. dxc4 Nxc4 25. Qd4 Qc7 26.
Rad1 Rfd8 27. Nc5 Nb2 28. Rd2 Rac8 29. Re5 d6 30. Nxe6 dxe5 31. Qxd8+ Rxd8
32. Rxd8+ Qxd8 33. Nxd8 exf4 34. a5 fxg3 35. hxg3 a6 36. Nb7 Kf7 37. Nc5
Nc4 1/2-1/2

[Event "Najdorf 2017"]
[Site "Warsaw POL"]
[Date "2017.07.12"]
[Round "4.18"]
[White "Dziuba, Marcin"]
[Black "Das, Arghyadip"]
[Result "1/2-1/2"]
[WhiteElo "2561"]
[BlackElo "2416"]

1. d4 d5 2. c4 e6 3. Nf3 c6 4. g3 dxc4 5. Bg2 b5 6. Ne5 Bb7 7. O-O Nf6 8.
b3 cxb3 9. axb3 Be7 10. Nc3 Nd5 11. Ne4 Nd7 12. Nxd7 Qxd7 13. Bd2 O-O 14.
Ba5 f5 15. Nc5 Bxc5 16. dxc5 Qe7 17. Qc2 Bc8 18. e4 fxe4 19. Bxe4 h6 20.
Rfe1 Qf6 21. Rad1 b4 22. f4 Rb8 23. Bd3 Bd7 24. Kh1 Be8 25. Re5 Bf7 26. Qg2
Kh8 27. Rde1 Bg8 28. Qe4 Qf7 29. h4 Qd7 30. Qd4 Rb7 31. R5e4 Nc3 32. Qxd7
Rxd7 33. R4e3 e5 34. fxe5 Bxb3 35. Bf1 Be6 36. Bxb4 Nd5 37. Re4 Nxb4 38.
Rxb4 Rd2 39. Bg2 Rc2 40. Rb7 Rxc5 41. Rxa7 Rc2 42. Re7 Bd5 43. Bxd5 cxd5
44. e6 1/2-1/2

[Event "Najdorf 2017"]
[Site "Warsaw POL"]
[Date "2017.07.12"]
[Round "4.22"]
[White "Nihal, Sarin"]
[Black "Zujev, Oleg"]
[Result "1-0"]
[WhiteElo "2471"]
[BlackElo "2366"]

1. c4 Nf6 2. Nc3 e5 3. Nf3 Nc6 4. g3 d5 5. cxd5 Nxd5 6. Bg2 Nb6 7. O-O Be7
8. Rb1 a5 9. a3 a4 10. d3 Be6 11. Be3 Bb3 12. Qc1 O-O 13. Nd2 Be6 14. Bxb6
cxb6 15. Qd1 Nd4 16. Bxb7 Rb8 17. Bg2 b5 18. e3 Nb3 19. Nf3 Qc7 20. d4 exd4
21. Nxd4 Bc4 22. Nd5 Bxd5 23. Bxd5 Nxd4 24. Qxd4 Bf6 25. Qg4 Qe5 26. Rfd1
Rfd8 27. e4 b4 28. Qe2 Qe7 29. Qa6 bxa3 30. bxa3 Rxb1 31. Rxb1 Qxa3 32. Rb7
Bd4 33. Kg2 Qa1 34. Qd6 Bf6 35. Bxf7+ Kh8 36. Rb8 1-0

[Event "Najdorf 2017"]
[Site "Warsaw POL"]
[Date "2017.07.12"]
[Round "4.28"]
[White "Jeet, Jain"]
[Black "Heberla, Bartlomiej"]
[Result "1/2-1/2"]
[WhiteElo "2191"]
[BlackElo "2577"]

1. e4 c5 2. Nf3 Nc6 3. Nc3 g6 4. d4 cxd4 5. Nxd4 Bg7 6. Nb3 Nf6 7. Be2 O-O
8. O-O d6 9. Bg5 b6 10. Kh1 Bb7 11. f4 Rc8 12. Qd2 Re8 13. Rad1 Na5 14.
Nxa5 bxa5 15. e5 dxe5 16. Qxd8 Rcxd8 17. Rxd8 Rxd8 18. fxe5 Ne4 19. Nxe4
Bxe4 20. Rd1 Rxd1+ 21. Bxd1 Bxe5 22. Bxe7 Bxb2 23. c4 f5 24. Bc5 a6 25. a4
Kf7 26. Bb6 Bc3 27. Bb3 Ke6 28. h3 Bb4 29. Kh2 Kd6 30. Be3 Ke5 31. Bb6 Bc6
32. Bc2 Be4 33. Bb3 g5 34. Bd8 Kd4 35. Bxg5 Kc3 36. Bd1 Bd6+ 37. Kg1 Bc5+
38. Kh2 Bc2 39. Bxc2 Kxc2 40. Bd8 Kb3 41. Bxa5 Kxa4 42. Bc7 Bf2 43. g3 Kb4
44. Kg2 Be3 45. Kf3 Bc1 46. g4 fxg4+ 47. hxg4 Kxc4 48. Ke4 h6 49. Bd8 Bd2
50. Bc7 Kb5 51. Kf5 Kc6 52. Bd8 Kd7 53. Bb6 Kc6 54. Bd8 Kd5 55. Kg6 Ke4 56.
Kh5 Be3 57. Ba5 Bg5 58. Kg6 Kf4 59. Kh5 Ke5 60. Bc3+ Kd5 61. Bg7 a5 62.
Bxh6 Be7 63. Kg6 Ke6 64. Bc1 a4 65. Kh7 a3 66. Bxa3 Bxa3 1/2-1/2

[Event "Najdorf 2017"]
[Site "Warsaw POL"]
[Date "2017.07.12"]
[Round "4.29"]
[White "Romanishin, Oleg M"]
[Black "Bartel, Michal"]
[Result "1/2-1/2"]
[WhiteElo "2463"]
[BlackElo "2343"]

1. Nf3 d5 2. g3 Bg4 3. Bg2 e6 4. c4 c6 5. Qb3 Qb6 6. d3 Nd7 7. Be3 Bc5 8.
Bxc5 Nxc5 9. Qc3 Nf6 10. Nbd2 Bxf3 11. Nxf3 a5 12. O-O O-O 13. Qd4 Ncd7 14.
Qxb6 Nxb6 15. cxd5 cxd5 16. Rfc1 Rfc8 17. Nd4 Rxc1+ 18. Rxc1 Rc8 19. Rxc8+
Nxc8 20. e4 Kf8 21. Kf1 Ke7 22. Ke2 Kd6 23. f4 Kc5 24. Nb3+ Kb4 25. Na1 Na7
26. Nc2+ Kc5 27. e5 Nd7 28. d4+ Kc6 29. f5 Nb5 30. Kd3 Nc7 31. Ne3 b5 32.
h4 Nb6 33. b3 Na6 34. a3 a4 35. bxa4 Nxa4 36. Bh3 Nc7 37. g4 Nb2+ 38. Kc3
Nc4 39. Nc2 exf5 40. gxf5 f6 41. exf6 gxf6 42. Bg2 Kd6 43. Bf1 Kc6 44. Bg2
Kd6 45. Bf1 1/2-1/2

[Event "Najdorf 2017"]
[Site "Warsaw POL"]
[Date "2017.07.12"]
[Round "4.30"]
[White "Drozdowski, Kacper"]
[Black "Lewtak, Damian"]
[Result "1-0"]
[WhiteElo "2461"]
[BlackElo "2341"]

1. c4 Nf6 2. Nc3 d5 3. cxd5 Nxd5 4. Qa4+ Nc6 5. Nf3 Nb6 6. Qh4 e5 7. Qxd8+
Kxd8 8. a3 f6 9. e3 Na5 10. d3 Nb3 11. Rb1 Be6 12. Nd2 Nxc1 13. Rxc1 Be7
14. Nf3 c6 15. d4 exd4 16. Nxd4 Bf7 17. g3 a6 18. Bh3 Kc7 19. Be6 Rhf8 20.
Ke2 Rae8 21. Rhd1 Bd8 22. Bxf7 Rxf7 23. Nf5 Nc8 24. Na4 Be7 25. Nxe7 Rfxe7
26. Nc5 Nb6 27. Rd4 Nd7 28. g4 Nxc5 29. Rxc5 Re5 30. Rc3 Re4 31. Rxe4 Rxe4
32. f4 Re7 33. h4 Kd6 34. Rd3+ Kc5 35. Rd4 a5 36. Kd3 b5 37. g5 f5 38. h5
Kb6 39. Rd8 Kc7 40. Rh8 g6 41. h6 a4 42. Rg8 Kd7 43. Rg7 Kd6 44. e4 Rxe4
45. Rxh7 Rxf4 46. Rg7 Rh4 47. Rxg6+ Ke5 48. Rg7 Rh3+ 49. Ke2 Ke4 50. h7
Rh2+ 51. Ke1 f4 52. g6 Rh1+ 53. Kf2 f3 54. Re7+ Kf5 55. Re8 1-0

[Event "Najdorf 2017"]
[Site "Warsaw POL"]
[Date "2017.07.12"]
[Round "4.34"]
[White "Shvayger, Yuliya"]
[Black "Srinath, Rao S.v."]
[Result "1-0"]
[WhiteElo "2434"]
[BlackElo "2321"]

1. d4 Nf6 2. Bf4 g6 3. Nc3 d5 4. e3 Bg7 5. h4 h6 6. Be2 a6 7. Nf3 Nbd7 8.
Ne5 e6 9. Qd2 c5 10. a4 Qa5 11. O-O Nxe5 12. Bxe5 O-O 13. Bd6 cxd4 14. exd4
Re8 15. h5 Qd8 16. Be5 Nxh5 17. Bxh5 gxh5 18. Ra3 f6 19. Bf4 Kh7 20. Qd3+
f5 21. Ne2 h4 22. Be5 Bxe5 23. dxe5 Rg8 24. Nf4 Qe8 25. Qd2 Rg4 26. Rh3 Bd7
27. Kh2 Qe7 28. f3 Rg5 29. Rxh4 Rag8 30. Rh1 Qc5 31. b4 Qb6 32. a5 Qa7 33.
c3 Kg7 34. c4 Qb8 35. Qd4 Qd8 36. cxd5 Qe7 37. Kg1 Rc8 38. Rxh6 Rc1+ 39.
Kf2 1-0

[Event "Najdorf 2017"]
[Site "Warsaw POL"]
[Date "2017.07.12"]
[Round "4.37"]
[White "Hnydiuk, Aleksander"]
[Black "Hacker, Jonas"]
[Result "1-0"]
[WhiteElo "2422"]
[BlackElo "2297"]

1. Nf3 d5 2. d4 Nf6 3. c4 c6 4. e3 a6 5. Nbd2 Bf5 6. Nh4 Bg6 7. Nxg6 hxg6
8. g3 e6 9. Bg2 c5 10. dxc5 Bxc5 11. O-O Nc6 12. cxd5 Nxd5 13. Ne4 Be7 14.
Bd2 O-O 15. Nc3 Nxc3 16. Bxc3 Qxd1 17. Rfxd1 Rfd8 18. Kf1 Kf8 19. Ke2 Rxd1
20. Rxd1 Rd8 21. Bxc6 Rxd1 22. Kxd1 bxc6 23. Kc2 f6 24. Kb3 Ke8 25. Ka4 Bd8
26. Ba5 Be7 27. Bb4 Bd8 28. Ba5 Be7 29. Bb6 Kd7 30. Ka5 c5 31. Kxa6 Kc6 32.
Ba5 g5 33. g4 f5 34. h3 f4 35. Bc3 f3 36. Bxg7 Bd6 37. Bc3 c4 38. Ka5 Bc5
39. Bd4 Bd6 40. e4 Be7 41. Be3 e5 42. a3 Bf8 43. Bxg5 c3 44. bxc3 Kc5 45.
Be3+ Kc4 46. a4 1-0

[Event "Najdorf 2017"]
[Site "Warsaw POL"]
[Date "2017.07.12"]
[Round "4.48"]
[White "Mis, Mieszko"]
[Black "Lalith, Babu M R"]
[Result "0-1"]
[WhiteElo "2137"]
[BlackElo "2530"]

1. Nf3 Nf6 2. g3 d5 3. Bg2 e6 4. O-O Be7 5. d4 O-O 6. c4 c6 7. Nc3 b6 8.
Nd2 Ba6 9. b3 Nbd7 10. e4 Rc8 11. Bb2 dxc4 12. Nxc4 b5 13. Ne3 b4 14. Ne2
Nb6 15. Re1 Bb5 16. a4 bxa3 17. Bxa3 Rc7 18. Nc3 a6 19. Bxe7 Qxe7 20. e5
Nfd7 21. Ne4 Rd8 22. Qc2 Rb8 23. Rec1 h6 24. Nc5 Nxc5 25. dxc5 Nd5 26. Bxd5
cxd5 27. Qc3 Rbc8 28. b4 Rb7 29. Qd4 Rcb8 30. Rcb1 Qd7 31. Ra5 Qc6 32. Nc2
Bc4 33. Qc3 Qc7 34. Na3 Be2 35. Qe3 Rxb4 36. Rxb4 Rxb4 37. Qc3 Qxa5 38. c6
d4 0-1

[Event "Najdorf 2017"]
[Site "Warsaw POL"]
[Date "2017.07.12"]
[Round "4.49"]
[White "Yogesh, Gautam"]
[Black "Nguyen, Piotr"]
[Result "1/2-1/2"]
[WhiteElo "2243"]
[BlackElo "2444"]

1. e4 c6 2. d4 d5 3. f3 e6 4. Nc3 Bb4 5. Bf4 Ne7 6. Ne2 O-O 7. Qd2 b6 8.
O-O-O Ba6 9. a3 Bd6 10. h4 Bxf4 11. Nxf4 Bxf1 12. Rdxf1 Nd7 13. g4 c5 14.
exd5 cxd4 15. dxe6 Nc5 16. Nb5 fxe6 17. Nxd4 1/2-1/2

[Event "Najdorf 2017"]
[Site "Warsaw POL"]
[Date "2017.07.13"]
[Round "5.1"]
[White "Piorun, Kacper"]
[Black "Sadzikowski, Daniel"]
[Result "1/2-1/2"]
[WhiteElo "2632"]
[BlackElo "2563"]

1. c4 c5 2. g3 g6 3. Bg2 Bg7 4. Nc3 Nc6 5. Nf3 e5 6. O-O Nge7 7. a3 O-O 8.
Rb1 d5 9. cxd5 Nxd5 10. Nxd5 Qxd5 11. d3 Qd6 12. Be3 Bd7 13. Ng5 b6 14. Ne4
Qe7 15. Bg5 f6 16. Bd2 Rfd8 17. Nc3 Rac8 18. b4 Be6 19. bxc5 Qxc5 20. Qa4
Qd6 21. Nb5 Qd7 22. Qa6 Nd4 23. Nxd4 exd4 24. Rfc1 Bf8 25. h4 Bc5 1/2-1/2

[Event "Najdorf 2017"]
[Site "Warsaw POL"]
[Date "2017.07.13"]
[Round "5.2"]
[White "Jumabayev, Rinat"]
[Black "Markowski, Tomasz"]
[Result "1/2-1/2"]
[WhiteElo "2620"]
[BlackElo "2557"]

1. d4 Nf6 2. c4 e6 3. g3 c5 4. d5 exd5 5. cxd5 d6 6. Nc3 g6 7. Bg2 Bg7 8.
Nf3 O-O 9. O-O Re8 10. Bf4 Na6 11. Re1 Bf5 12. Nd2 Nh5 13. e4 Nxf4 14. gxf4
Bd7 15. Nc4 Qf6 16. Qf3 b5 17. e5 dxe5 18. Nxe5 Bf5 19. Nxb5 Rab8 20. a4
Nb4 21. Na3 Rbd8 22. Rad1 h5 23. h3 Bh6 24. Nc6 Nd3 25. Rxe8+ Rxe8 26. d6
Qxd6 27. Ne5 Nxe5 28. fxe5 Qxe5 29. Nc4 Qf6 30. Nd6 Rd8 31. Nxf5 Rxd1+ 32.
Qxd1 Qxf5 33. b3 Bf4 34. Qd5 Be5 35. Qf3 Qg5 36. Qa8+ Kg7 37. Qf3 Bd4 38.
Qd1 a5 39. Qc2 Qg3 40. Kf1 Qf4 41. Bd5 Qh4 42. Bg2 Qf6 43. Bd5 Qf4 44. Qe2
Qc1+ 45. Qe1 Qg5 46. Qe4 f5 47. Qf3 Kh6 48. Bc4 Qc1+ 49. Kg2 Qd2 50. Qg3
Qe1 51. Qf4+ Kh7 52. Qc7+ Kh6 1/2-1/2

[Event "Najdorf 2017"]
[Site "Warsaw POL"]
[Date "2017.07.13"]
[Round "5.3"]
[White "Czarnota, Pawel"]
[Black "Mista, Aleksander"]
[Result "1/2-1/2"]
[WhiteElo "2557"]
[BlackElo "2599"]

1. d4 d5 2. c4 c6 3. cxd5 cxd5 4. Nc3 Nf6 5. Nf3 Nc6 6. Bf4 Bf5 7. e3 e6 8.
Bd3 Bxd3 9. Qxd3 Bd6 10. Bxd6 Qxd6 11. O-O O-O 12. Rac1 Rac8 13. a3 a6 14.
Rc2 Rc7 15. Rfc1 Rfc8 16. Ne2 Ne7 17. Rxc7 Rxc7 18. Rxc7 Qxc7 19. h3 Ne4
20. Nd2 Nxd2 1/2-1/2

[Event "Najdorf 2017"]
[Site "Warsaw POL"]
[Date "2017.07.13"]
[Round "5.4"]
[White "Tomczak, Jacek"]
[Black "Kveinys, Aloyzas"]
[Result "1/2-1/2"]
[WhiteElo "2596"]
[BlackElo "2542"]

1. e4 c5 2. Nf3 Nc6 3. d4 cxd4 4. Nxd4 g6 5. c4 Bg7 6. Be3 Nf6 7. Nc3 d6 8.
Be2 O-O 9. O-O Bd7 10. Nc2 Ne5 11. f3 a6 12. Qd2 Qc7 13. Na3 Rfc8 14. Rac1
Qa5 15. h3 Nc6 16. Rfd1 Be6 17. Nab1 Nd7 18. a3 Qd8 19. b4 a5 20. Nd5 axb4
21. axb4 Ra1 22. Nbc3 Rxc1 23. Rxc1 Ra8 24. Nb5 Ra1 25. Rxa1 Bxa1 26. f4
Bg7 27. Ndc7 Nf8 28. c5 dxc5 29. Qxd8 Nxd8 30. Bxc5 Nc6 31. Nd5 f5 32. Bf3
fxe4 33. Bxe4 Kf7 34. Ndc7 Bb3 35. Na7 1/2-1/2

[Event "Najdorf 2017"]
[Site "Warsaw POL"]
[Date "2017.07.13"]
[Round "5.5"]
[White "Puranik, Abhimanyu"]
[Black "Indjic, Aleksandar"]
[Result "1/2-1/2"]
[WhiteElo "2479"]
[BlackElo "2575"]

1. e4 c5 2. Nf3 d6 3. d4 cxd4 4. Nxd4 Nf6 5. Nc3 a6 6. Be3 h5 7. Be2 e6 8.
Qd2 Nbd7 9. f3 b6 10. Bg5 Qc7 11. f4 Bb7 12. Bf3 b5 13. Qe2 Be7 14. a3 g6
15. O-O-O e5 16. Nb3 Rc8 17. Kb1 Qb6 18. f5 Rxc3 19. bxc3 gxf5 20. Bxf6
Nxf6 21. Nd2 d5 22. exd5 e4 23. Nxe4 fxe4 24. Bxe4 Qd6 25. Rhe1 Kd8 26. Qf2
Re8 27. Qa7 Kc7 28. Bf3 Kc8 29. c4 Bf8 30. Rxe8+ Nxe8 31. cxb5 Qxa3 32. Rd4
axb5 33. Qxa3 Bxa3 34. Bxh5 Nd6 35. Bf3 Kd8 36. h4 Bc5 37. Rd3 Ke7 38. g4
Kf6 39. Bg2 b4 40. Rf3+ Kg6 41. Rf4 f6 42. Kb2 Ba6 43. Kb3 Be2 44. Bh1 Kg7
1/2-1/2

[Event "Najdorf 2017"]
[Site "Warsaw POL"]
[Date "2017.07.13"]
[Round "5.6"]
[White "Fridman, Daniel"]
[Black "Szadkowski, Kamil"]
[Result "1-0"]
[WhiteElo "2635"]
[BlackElo "2237"]

1. c4 Nf6 2. Nc3 c5 3. Nf3 g6 4. d4 cxd4 5. Nxd4 Bg7 6. e4 d6 7. Be2 O-O 8.
O-O Nc6 9. Be3 Bd7 10. Qd2 Nxd4 11. Bxd4 Bc6 12. f3 Nd7 13. Be3 a5 14. b3
Qb8 15. Rac1 Nc5 16. Rfd1 Rd8 17. Bf1 h5 18. g3 Kh7 19. Nd5 Bxd5 20. cxd5
Rc8 21. Bb5 Rc7 22. Rc4 Nd7 23. Bxd7 Rxd7 24. Bb6 Qh8 25. Bxa5 b5 26. Rc6
Bd4+ 27. Qxd4 Qxd4+ 28. Rxd4 Rxa5 29. Rd2 Rda7 30. Rcc2 Kg7 31. Kf2 Kf6 32.
Ke3 R7a6 33. h4 Ra8 34. Kd4 Ra3 35. Kc3 R8a4 36. Re2 e6 37. Rcd2 Ke7 38. e5
dxe5 39. Rxe5 b4+ 40. Kc4 Rxa2 41. dxe6 fxe6 42. Rxa2 Rxa2 43. Kxb4 Kf6 44.
f4 1-0

[Event "Najdorf 2017"]
[Site "Warsaw POL"]
[Date "2017.07.13"]
[Round "5.7"]
[White "Debashis, Das"]
[Black "Efimenko, Zahar"]
[Result "1/2-1/2"]
[WhiteElo "2505"]
[BlackElo "2643"]

1. d4 Nf6 2. c4 e6 3. Nc3 Bb4 4. e3 O-O 5. Bd3 d5 6. Nf3 b6 7. O-O Bb7 8.
cxd5 exd5 9. a3 Bd6 10. b4 Nbd7 11. Qb3 c6 12. e4 dxe4 13. Nxe4 Nxe4 14.
Bxe4 h6 15. Bb2 Nf6 16. Bc2 a5 17. Ne5 Qc7 18. Rac1 axb4 19. axb4 c5 20.
bxc5 bxc5 21. dxc5 Bxc5 22. Bd4 Bd5 23. Qg3 Rfe8 24. Bxc5 Qxe5 1/2-1/2

[Event "Najdorf 2017"]
[Site "Warsaw POL"]
[Date "2017.07.13"]
[Round "5.8"]
[White "Edouard, Romain"]
[Black "Nihal, Sarin"]
[Result "1-0"]
[WhiteElo "2622"]
[BlackElo "2471"]

1. c4 c5 2. Nf3 Nc6 3. Nc3 Nf6 4. g3 d5 5. d4 cxd4 6. Nxd4 dxc4 7. Nxc6
Qxd1+ 8. Nxd1 bxc6 9. Bg2 Nd5 10. Ne3 e6 11. Nxc4 Ba6 12. b3 Bb4+ 13. Bd2
Ke7 14. Ne5 Rac8 15. Be4 c5 16. Bxb4 cxb4 17. Bxd5 exd5 18. Nf3 Rc3 19. Nd4
Kf6 20. O-O Bb7 21. a3 bxa3 22. Rxa3 a6 23. Rd1 Rb8 24. Kf1 g6 25. Ke1 Rc5
26. Kd2 Ke5 27. e3 Bc8 28. Raa1 Kd6 29. f3 h5 30. h3 Rb6 31. g4 hxg4 32.
hxg4 Bd7 33. Rh1 Be8 34. Ra2 Ke7 35. g5 Bd7 36. f4 Be8 37. Rh6 f6 38. Rh7+
Kf8 39. Ra7 Bb5 40. f5 fxg5 41. Ne6+ Rxe6 42. fxe6 Rc6 43. e7+ Kf7 44. Kd1
Rf6 45. Rh2 Ke6 46. Rh8 1-0